Loading...
| Auditory Arts | 5 | 18.00 | 100% | 80% | 0% |
| Beliefs | 6 | 20.00 | 83% | 83% | 33% |
| Current Events | 3 | 20.00 | 100% | 67% | 33% |
| Fine Arts - Other Arts | 8 | 15.00 | 100% | 38% | 13% |
| Geography | 1 | 20.00 | 100% | 100% | 0% |
| History - American | 6 | 21.67 | 100% | 83% | 33% |
| History - Ancient | 2 | 30.00 | 100% | 100% | 100% |
| History - European | 5 | 22.00 | 100% | 80% | 40% |
| History - Other | 1 | 10.00 | 100% | 0% | 0% |
| History - World | 8 | 26.25 | 100% | 100% | 63% |
| Literature - American | 8 | 16.25 | 100% | 50% | 13% |
| Literature - British | 7 | 20.00 | 100% | 57% | 43% |
| Literature - European | 6 | 25.00 | 100% | 67% | 83% |
| Literature - World | 8 | 27.50 | 100% | 88% | 88% |
| Other Academic | 1 | 0.00 | 0% | 0% | 0% |
| Philosophy | 6 | 16.67 | 100% | 67% | 0% |
| Science - Biology | 3 | 10.00 | 100% | 0% | 0% |
| Science - Chemistry | 6 | 6.67 | 67% | 0% | 0% |
| Science - Other | 7 | 11.43 | 71% | 43% | 0% |
| Science - Physics | 7 | 20.00 | 100% | 71% | 29% |
| Social Science | 12 | 22.50 | 92% | 75% | 58% |
| Visual Arts | 3 | 16.67 | 100% | 67% | 0% |